000
00283nam a2200097Ia 4500
001
695412
005
20250826161952.0
008
250824s9999 xx 000 0 und d
245
0
_a
BEYAZ GECELER UYSAL KIZ (ANTİK OKUL KLASİKLERİ)
_c
DOSTOYEVSKİ
260
_b
ANTİK DÜNYA KLASİKLERİ
999
_c
695412
_d
695412